Pembangunan web interaktif : satu pendekatan sistematik
| Other Authors: | |
|---|---|
| Format: | Book |
| Language: | Malay |
| Published: |
Batu Caves, Selangor :
Venton pub. ,
2007
|
| Subjects: |
MARC
| LEADER | 00000cam a2200000 7i4500 | ||
|---|---|---|---|
| 001 | 0000023427 | ||
| 005 | 20110913.0 | ||
| 008 | 110909s my a may | ||
| 020 | |a 9789833526970 | ||
| 040 | |a INS | ||
| 090 | 0 | 0 | |a TK5105.888 |b P46 2007 |
| 245 | 0 | 0 | |a Pembangunan web interaktif : satu pendekatan sistematik |c Azean...[et al.] |
| 260 | |a Batu Caves, Selangor : |b Venton pub. , |c 2007 | ||
| 300 | |a 169ms. : |b il. ; |c 25cm. | ||
| 650 | 0 | |a Computer graphics | |
| 650 | 0 | |a Interactive multimedia | |
| 650 | 0 | |a Web sites |x design | |
| 700 | 0 | |a Nor Azean Atan | |
| 999 | |a 1000000060 |b BOOK |c Open Shelf |e Default branch | ||